Statistiques concernant Culture Générale - Série 429

Cliquez ici pour prendre le quiz!

Statistiques générales

  • Ce quiz a été pris 419 fois
  • Le résultat moyen est 9 sur 10

Statistiques - réponses

QuestionRéponse% Correct
Qu'est-ce qui peut-être brouillé, dur ou mollet ?oeuf
100%
Selon l'expression, quand on a l'esprit tranquille, on peut "dormir sur ses deux...oreilles
99%
Complétez le titre du film réalisé en 1939 par Victor Fleming "Autant en emporte le ...vent
99%
Dans l'acronyme "Ovni", que signifie le N ?Non
98%
Quel fruit peut être "golden" ou "granny-smith" ?pomme
98%
De part et d'autre de l'Equateur, on trouve au nord le Tropique du Cancer et au sud le Tropique du...Capricorne
97%
Quel est le genre du mot "testicule" ?masculin
97%
Quel sport olympique peut-être acrobatique, de fond ou alpin ?ski
97%
De quelle série culte Rachel, Joey , Monica, Chandler, Phoebe et Ross sont-ils les héros ?Friends
89%
A quel écrivain du XVIIe siècle doit-on le conte "Le Chat botté" ?Charles Perrault
72%

Distribution des résultats

Percentile par nombre de réponses

% des personnes avec chaque résultat

Votre développement - résultats

Vous n’avez pas pris ce quiz